000 00281nam a2200109Ia 4500
008 200302s9999 xx 000 0 und d
100 _aAuthor
245 _aQuality Life top villa design
260 _bArtpower International Publishing Co., Ltd.,
260 _c2011
300 _a351 P.,
999 _c3954
_d3954